[Event "Berlin Werner Ott op"]
[Site "Berlin"]
[Date "2023.07.22"]
[Round "8"]
[White "Gebigke, Martin"]
[Black "Zackrisson, Peter"]
[Result "1/2-1/2"]
[WhiteElo "2074"]
[BlackElo "2162"]
[PlyCount "96"]
[EventDate "2023.07.15"]
[EventType "swiss"]
[EventRounds "9"]
[EventCountry "GER"]
[SourceTitle "EXT 2024"]
[Source "ChessBase"]
[SourceDate "2023.10.10"]
[SourceVersion "1"]
[SourceVersionDate "2023.10.10"]
[SourceQuality "1"]

1. d4 Nf6 2. c4 g6 3. Nc3 Bg7 4. e4 d6 5. Nf3 0-0 6. Be2 e5 7. Be3 exd4 8. Nxd4 Re8 9. f3 c6 10. Bf2 d5 11. exd5 cxd5 12. 0-0 Nc6 13. c5 Bf8 14. Kh1 Bd7 15. Nb3 Nh5 16. Qd2 Be6 17. Bb5 Qf6 18. Nd4 Rac8 19. b4 Ng7 20. Rad1 h5 21. Rfe1 Red8 22. Be3 Be7 23. Nce2 Ne5 24. Nxe6 Nxe6 25. Nd4 Nc7 26. Be2 b6 27. Bf4 bxc5 28. Bxe5 Qxe5 29. Nc6 Qf6 30. Nxd8 Rxd8 31. bxc5 Bxc5 32. Bd3 Ne6 33. Rc1 Bd6 34. Qf2 Bb8 35. g3 h4 36. Kg2 Qg5 37. Bf1 hxg3 38. hxg3 Nf4+ 39. Kg1 Nh5 40. g4 Bg3 41. Qe3 Bf4 42. Qe7 Bxc1 43. Qxg5 Bxg5 44. gxh5 gxh5 45. Re5 f6 46. Rxd5 Rc8 47. Kg2 Rc7 48. Kg3 Be3 1/2-1/2

[Event "GER-ch U18"]
[Site "Willingen"]
[Date "2022.06.08"]
[Round "6"]
[White "Hinrichs, Paul"]
[Black "Zackrisson, Peter"]
[Result "1/2-1/2"]
[WhiteElo "2225"]
[BlackElo "2020"]
[PlyCount "89"]
[EventDate "2022.06.04"]
[EventType "swiss"]
[EventRounds "9"]
[EventCountry "GER"]
[SourceTitle "CBM 208 Extra"]
[Source "ChessBase"]
[SourceDate "2022.07.31"]
[SourceVersion "1"]
[SourceVersionDate "2022.07.31"]
[SourceQuality "1"]

1. d4 Nf6 2. c4 g6 3. Nc3 Bg7 4. e4 d6 5. Be2 0-0 6. Be3 Nc6 7. Nf3 Ng4 8. Bg5 h6 9. Bh4 g5 10. Bg3 e5 11. dxe5 Ngxe5 12. h4 Be6 13. hxg5 hxg5 14. Nxe5 dxe5 15. Nd5 Nd4 16. Ne3 c6 17. Bd3 Qe7 18. Qh5 Rfd8 19. 0-0-0 b5 20. Kb1 Rdb8 21. c5 f6 22. Qg6 Qf7 23. Qxf7+ Kxf7 24. f3 Rh8 25. Bf2 Rxh1 26. Rxh1 Rd8 27. Rd1 f5 28. exf5 Nxf5 29. Be4 Rxd1+ 30. Nxd1 Ne7 31. Kc2 g4 32. fxg4 Bxg4 33. Ne3 Be6 34. b3 Bh6 35. Bf3 Nd5 36. Kd2 a5 37. a3 b4 38. axb4 axb4 39. g3 Nxe3 40. Bxe3 Bxe3+ 41. Kxe3 Bxb3 42. Bxc6 Ke6 43. g4 Bd1 44. g5 Kf5 45. Bd5 1/2-1/2

[Event "GER-ch U18"]
[Site "Willingen"]
[Date "2022.06.08"]
[Round "5"]
[White "Zackrisson, Peter"]
[Black "Leonard, Timo"]
[Result "1-0"]
[WhiteElo "2020"]
[BlackElo "2018"]
[PlyCount "154"]
[EventDate "2022.06.04"]
[EventType "swiss"]
[EventRounds "9"]
[EventCountry "GER"]
[SourceTitle "CBM 208 Extra"]
[Source "ChessBase"]
[SourceDate "2022.07.31"]
[SourceVersion "1"]
[SourceVersionDate "2022.07.31"]
[SourceQuality "1"]

1. e4 c6 2. d4 d5 3. e5 c5 4. dxc5 e6 5. a3 Bxc5 6. Qg4 Ne7 7. Nf3 0-0 8. Bd3 f5 9. Qg3 Ng6 10. 0-0 Nc6 11. b4 Be7 12. Re1 a5 13. b5 Nb8 14. Nc3 Nd7 15. Na4 b6 16. c4 Nc5 17. Nxc5 bxc5 18. cxd5 Qxd5 19. Rd1 c4 20. Bc2 Qxb5 21. Rb1 Qc5 22. Be3 Qxa3 23. Bd4 Bd8 24. h4 Qe7 25. h5 Nh4 26. Nd2 Bb7 27. Nxc4 Bxg2 28. Nd2 Qg5 29. Bb3 Kh8 30. Bxe6 Qxg3 31. fxg3 Nf3+ 32. Kxg2 Nxd4 33. Bd5 Rc8 34. Nc4 Nc2 35. Rdc1 Nb4 36. Be6 Rc5 37. Nd6 Rxe5 38. Nf7+ Rxf7 39. Bxf7 g6 40. h6 Re2+ 41. Kf1 Rh2 42. Rc8 Rxh6 43. Rxd8+ Kg7 44. Bd5 Nxd5 45. Rb7+ Ne7 46. Rxe7+ Kf6 47. Ra7 Rh1+ 48. Kg2 Ra1 49. Rda8 Kg5 50. Rxa5 Rb1 51. Ra2 h5 52. R8a4 Rc1 53. Rb4 Rc6 54. Ra3 Rd6 55. Kf3 Rc6 56. Rab3 Rd6 57. Rb6 Rd4 58. R3b4 Rd3+ 59. Kg2 Rd8 60. Ra6 Rg8 61. Rbb6 Rg7 62. Re6 Rg8 63. Rad6 Rg7 64. Kf3 Rg8 65. Ke3 Rg7 66. Kd4 Rg8 67. Ke5 Rg7 68. Rf6 Re7+ 69. Rde6 Rg7 70. Kd6 Rg8 71. Ke5 Rg7 72. Rf8 Ra7 73. Rg8 Ra5+ 74. Kd4 Ra4+ 75. Ke3 Ra3+ 76. Kf2 Ra2+ 77. Kf3 Ra3+ 1-0

[Event "GER-ch U18"]
[Site "Willingen"]
[Date "2022.06.07"]
[Round "4"]
[White "Mankel, Luca"]
[Black "Zackrisson, Peter"]
[Result "0-1"]
[WhiteElo "2010"]
[BlackElo "2020"]
[PlyCount "70"]
[EventDate "2022.06.04"]
[EventType "swiss"]
[EventRounds "9"]
[EventCountry "GER"]
[SourceTitle "CBM 208 Extra"]
[Source "ChessBase"]
[SourceDate "2022.07.31"]
[SourceVersion "1"]
[SourceVersionDate "2022.07.31"]
[SourceQuality "1"]

1. d4 Nf6 2. c4 g6 3. Nc3 Bg7 4. e4 d6 5. Be2 0-0 6. Be3 Nc6 7. Nf3 Ng4 8. Bg5 h6 9. Bh4 g5 10. Bg3 e5 11. d5 Nd4 12. h4 f5 13. hxg5 hxg5 14. Nd2 f4 15. Bh2 Nf6 16. Nb3 Re8 17. f3 c5 18. dxc6 bxc6 19. c5 Nxe2 20. Qxe2 d5 21. 0-0-0 Qe7 22. exd5 cxd5 23. Nxd5 Nxd5 24. Rxd5 Be6 25. Rd2 a5 26. Kb1 Bf5+ 27. Ka1 a4 28. Nc1 a3 29. Qc4+ Kf8 30. Bg1 Red8 31. Rd6 Qc7 32. Qd5 axb2+ 33. Kxb2 Rxd6 34. cxd6 Qc2+ 35. Ka1 Qb1# 0-1

[Event "GER-ch U18"]
[Site "Willingen"]
[Date "2021.08.26"]
[Round "6"]
[White "Zackrisson, Peter"]
[Black "Suvorov, Luca"]
[Result "0-1"]
[WhiteElo "1965"]
[BlackElo "2292"]
[PlyCount "94"]
[EventDate "2021.08.22"]
[EventType "swiss"]
[EventRounds "9"]
[EventCountry "GER"]
[SourceTitle "EXT 2022"]
[Source "ChessBase"]
[SourceDate "2021.10.06"]
[SourceVersion "1"]
[SourceVersionDate "2021.10.06"]
[SourceQuality "1"]

1. e4 e5 2. Nf3 Nc6 3. Bb5 a6 4. Ba4 Nf6 5. 0-0 b5 6. Bb3 Bc5 7. a4 Rb8 8. c3 d6 9. d4 exd4 10. cxd4 Bb6 11. h3 0-0 12. Nc3 b4 13. Ne2 h6 14. Ng3 d5 15. e5 Ne4 16. Qd3 Ne7 17. Rd1 Nxg3 18. fxg3 Bf5 19. Qxa6 Be4 20. Qe2 Nf5 21. Qf2 f6 22. e6 Qe7 23. a5 Ba7 24. g4 Nd6 25. Bf4 Qxe6 26. Rac1 Qd7 27. Qg3 Rbc8 28. Bxd6 cxd6 29. Rxc8 Rxc8 30. Qe1 Kh8 31. Qxb4 Rb8 32. Qc3 Qb5 33. Nd2 Bg6 34. Kh1 Qb7 35. Rc1 Kh7 36. Bc2 Be4 37. b3 f5 38. Qe3 Qb4 39. Bxe4 fxe4 40. Qf4 Qxd4 41. g5 Qe5 42. Qxe5 dxe5 43. Rb1 Rb4 44. g3 hxg5 45. Kg2 Kg6 46. Kf1 g4 47. h4 e3 0-1

[Event "GER-chT Lands U20"]
[Site "Berlin"]
[Date "2020.10.04"]
[Round "7.6"]
[White "Schubert, Nikita"]
[Black "Zackrisson, Peter"]
[Result "1/2-1/2"]
[WhiteElo "1946"]
[BlackElo "1947"]
[PlyCount "93"]
[EventDate "2020.09.29"]
[EventType "team-swiss"]
[EventRounds "7"]
[EventCountry "GER"]
[SourceTitle "CBM 198 Extra"]
[Source "ChessBase"]
[SourceDate "2020.11.30"]
[SourceVersion "1"]
[SourceVersionDate "2020.11.30"]
[SourceQuality "1"]
[WhiteTeam "Thueringen U20"]
[BlackTeam "Brandenburg U20"]
[WhiteTeamCountry "GER"]
[BlackTeamCountry "GER"]

1. d4 Nf6 2. c4 c5 3. d5 e6 4. Nf3 exd5 5. cxd5 d6 6. Nc3 g6 7. Bf4 Bg7 8. Qa4+ Bd7 9. Qb3 Qc7 10. e4 0-0 11. Nd2 Nh5 12. Be3 f5 13. exf5 Bxf5 14. Be2 Nf6 15. 0-0 a6 16. a4 Nbd7 17. Nc4 Ng4 18. Bf4 Nge5 19. Ne3 Bd3 20. Bg3 Rae8 21. Bxd3 Nxd3 22. Nc4 N7e5 23. Nxe5 Bxe5 24. Qc2 c4 25. Rab1 Bxc3 26. Qxc3 b5 27. axb5 axb5 28. b3 Qc5 29. bxc4 bxc4 30. Rb7 Rf7 31. Rxf7 Kxf7 32. Ra1 Nb4 33. Rb1 Nxd5 34. Qf3+ Kg8 35. h3 Qc6 36. Rd1 c3 37. Qxd5+ Qxd5 38. Rxd5 c2 39. Bf4 Re1+ 40. Kh2 Rd1 41. Ra5 c1Q 42. Bxc1 Rxc1 43. Ra7 Re1 44. Kg3 Re6 45. h4 Rf6 46. Rd7 h5 47. f3 1/2-1/2

[Event "GER-chT Lands U20"]
[Site "Berlin"]
[Date "2020.09.30"]
[Round "2.6"]
[White "Zackrisson, Peter"]
[Black "Muedder, Melanie"]
[Result "1-0"]
[WhiteElo "1947"]
[BlackElo "2039"]
[PlyCount "97"]
[EventDate "2020.09.29"]
[EventType "team-swiss"]
[EventRounds "7"]
[EventCountry "GER"]
[SourceTitle "CBM 198 Extra"]
[Source "ChessBase"]
[SourceDate "2020.11.30"]
[SourceVersion "1"]
[SourceVersionDate "2020.11.30"]
[SourceQuality "1"]
[WhiteTeam "Brandenburg U20"]
[BlackTeam "Nordrhein Westfalen U20"]
[WhiteTeamCountry "GER"]
[BlackTeamCountry "GER"]

1. e4 c5 2. Nf3 Nc6 3. d4 cxd4 4. Nxd4 e5 5. Nb5 d6 6. c4 Be7 7. N1c3 a6 8. Na3 f5 9. exf5 Bxf5 10. Nc2 Nf6 11. Bd3 Be6 12. 0-0 0-0 13. Ne3 Rc8 14. Ne4 Nd4 15. b3 b5 16. Nxf6+ Rxf6 17. Bb2 bxc4 18. Bxc4 Bxc4 19. Nxc4 Nf5 20. Qe2 Rg6 21. Rad1 Qc7 22. Rd3 Qb7 23. f3 Nh4 24. g3 Rf8 25. Nd2 Qc8 26. Kh1 Nf5 27. Ne4 Qe6 28. Rfd1 Qf7 29. Qf2 d5 30. Rxd5 Nd4 31. Rd7 Qe6 32. Rc7 Rxf3 33. Qg2 Rf8 34. Bxd4 exd4 35. Rc4 Rg4 36. Nf2 Qe2 37. Rf1 Rg5 38. Rxd4 Bc5 39. Re4 Qxa2 40. Nd3 Rxf1+ 41. Qxf1 h6 42. Nxc5 Kh7 43. Qd3 Rf5 44. Rf4 Qa1+ 45. Kg2 Qb2+ 46. Kh3 g6 47. Rxf5 gxf5 48. Qxf5+ Kg8 49. Ne6 1-0

[Event "GER-ch U18 sf Berlin Online"]
[Site "Playchess.com INT"]
[Date "2020.05.01"]
[Round "12"]
[White "Zackrisson, Peter"]
[Black "Khachatryan, Taron"]
[Result "1-0"]
[WhiteElo "1857"]
[BlackElo "1546"]
[PlyCount "77"]
[EventDate "2020.05.01"]
[EventType "swiss (blitz)"]
[EventRounds "13"]
[EventCountry "GER"]
[SourceTitle "CBM 195 Extra"]
[Source "ChessBase"]
[SourceDate "2020.05.31"]
[SourceVersion "1"]
[SourceVersionDate "2020.05.31"]
[SourceQuality "1"]

1. e4 c5 2. Nf3 d6 3. d4 cxd4 4. Nxd4 Nf6 5. Nc3 a6 6. a3 e5 7. Nf5 g6 8. Ne3 Be6 9. Be2 Nbd7 10. Ned5 Bxd5 11. Nxd5 Nxd5 12. Qxd5 Qc7 13. f4 Be7 14. fxe5 Nxe5 15. c3 Qc6 16. Qxc6+ bxc6 17. 0-0 0-0 18. Rd1 a5 19. Bf4 Rfd8 20. Rd2 f6 21. Rad1 Rab8 22. Kf2 Rb6 23. Be3 Rbb8 24. Bd4 Kg7 25. c4 c5 26. Bc3 a4 27. Rd5 Rb6 28. R1d2 Ra8 29. h3 Rab8 30. Ba5 Rxb2 31. g4 Rxd2 32. Rxd2 Rb3 33. Bc7 Rxa3 34. Bxd6 Bxd6 35. Rxd6 Rxh3 36. Ra6 a3 37. Ra5 Rg3 38. Kxg3 Kf7 39. Rxa3 1-0

[Event "GER-ch U18 sf Berlin Online"]
[Site "Playchess.com INT"]
[Date "2020.05.01"]
[Round "5"]
[White "Zackrisson, Peter"]
[Black "Mueller, Paul2222"]
[Result "1-0"]
[WhiteElo "1857"]
[BlackElo "1453"]
[PlyCount "69"]
[EventDate "2020.05.01"]
[EventType "swiss (blitz)"]
[EventRounds "13"]
[EventCountry "GER"]
[SourceTitle "CBM 195 Extra"]
[Source "ChessBase"]
[SourceDate "2020.05.31"]
[SourceVersion "1"]
[SourceVersionDate "2020.05.31"]
[SourceQuality "1"]

1. e4 e5 2. Nf3 Nc6 3. Bc4 Bc5 4. c3 Nf6 5. d4 exd4 6. cxd4 Bb4+ 7. Nc3 0-0 8. e5 Re8 9. 0-0 d5 10. Bd3 Nd7 11. Nxd5 Ba5 12. Bxh7+ Kxh7 13. Ng5+ Kg8 14. Qh5 Nf8 15. Qxf7+ Kh8 16. Qf3 Be6 17. Nf4 Bg8 18. Qh5+ Bh7 19. Nf7+ Kg8 20. Nxd8 Raxd8 21. Be3 Nxd4 22. Bxd4 Rxd4 23. Qxe8 Rxf4 24. Qb5 Bb6 25. Qd5+ Rf7 26. e6 Re7 27. Rae1 Bg6 28. Qxb7 Bd3 29. a4 Bxf1 30. Rxf1 Rxe6 31. b4 Re4 32. a5 Bd4 33. Qxe4 c5 34. bxc5 Bxc5 35. Qd5+ 1-0

[Event "GER-ch Net Amateur Gr-B Final"]
[Site "Playchess.com INT"]
[Date "2020.04.18"]
[Round "4"]
[White "Iosif, Daniela"]
[Black "Zackrisson, Peter"]
[Result "1-0"]
[WhiteElo "1796"]
[BlackElo "1909"]
[PlyCount "87"]
[EventDate "2020.04.18"]
[EventType "swiss (blitz)"]
[EventRounds "13"]
[EventCountry "GER"]
[SourceTitle "CBM 195 Extra"]
[Source "ChessBase"]
[SourceDate "2020.05.31"]
[SourceVersion "1"]
[SourceVersionDate "2020.05.31"]
[SourceQuality "1"]

1. d4 Nf6 2. c3 g6 3. g3 Bg7 4. Bg2 0-0 5. Nf3 d5 6. Bg5 Ne4 7. Bc1 f5 8. 0-0 c5 9. dxc5 Na6 10. Nbd2 Naxc5 11. Nb3 e5 12. Nxc5 Nxc5 13. e3 Kh8 14. b4 Ne4 15. Bb2 Be6 16. a3 Qc7 17. Rc1 Nd6 18. Ng5 Bg8 19. Bxd5 Nc4 20. Bxg8 Rxg8 21. Qc2 Qe7 22. h4 e4 23. Rfd1 Rac8 24. Qb3 b5 25. a4 bxa4 26. Qa2 h6 27. Nh3 Ne5 28. Nf4 Kh7 29. Qxa4 Nf3+ 30. Kg2 Qc7 31. Rd7 Qc6 32. Qxc6 Rxc6 33. Rxa7 Ne5 34. Rd1 Nc4 35. Ba1 Ne5 36. Rd5 Nf3 37. Rdd7 Ne1+ 38. Kf1 Nc2 39. Bb2 Kh8 40. Rdc7 Rd6 41. Rd7 Rb6 42. Nd5 Rb5 43. c4 Bxb2 44. Rh7# 1-0

[Event "GER-ch Net Amateur Gr-B Final"]
[Site "Playchess.com INT"]
[Date "2020.04.18"]
[Round "5"]
[White "Zackrisson, Peter"]
[Black "Hoppe, Frank"]
[Result "1-0"]
[WhiteElo "1909"]
[BlackElo "1780"]
[PlyCount "43"]
[EventDate "2020.04.18"]
[EventType "swiss (blitz)"]
[EventRounds "13"]
[EventCountry "GER"]
[SourceTitle "CBM 195 Extra"]
[Source "ChessBase"]
[SourceDate "2020.05.31"]
[SourceVersion "1"]
[SourceVersionDate "2020.05.31"]
[SourceQuality "1"]

1. e4 c5 2. Nf3 Nc6 3. d4 cxd4 4. Nxd4 e5 5. Nb5 a6 6. Nd6+ Bxd6 7. Qxd6 Qf6 8. Qa3 Qg6 9. Nc3 Nge7 10. Be3 0-0 11. h4 Nd4 12. 0-0-0 Nec6 13. h5 Qg4 14. f3 Qe6 15. Nd5 Rb8 16. c3 Nb5 17. Bxb5 axb5 18. Bc5 Rd8 19. Bd6 b4 20. Nxb4 Nxb4 21. cxb4 Qc4+ 22. Kb1 1-0

[Event "GER-ch Net Amateur Gr-B Final"]
[Site "Playchess.com INT"]
[Date "2020.04.18"]
[Round "9"]
[White "Zackrisson, Peter"]
[Black "Jeute, Peter"]
[Result "1/2-1/2"]
[WhiteElo "1909"]
[BlackElo "1723"]
[PlyCount "221"]
[EventDate "2020.04.18"]
[EventType "swiss (blitz)"]
[EventRounds "13"]
[EventCountry "GER"]
[SourceTitle "CBM 195 Extra"]
[Source "ChessBase"]
[SourceDate "2020.05.31"]
[SourceVersion "1"]
[SourceVersionDate "2020.05.31"]
[SourceQuality "1"]

1. e4 d5 2. exd5 Qxd5 3. Nc3 Qa5 4. d4 Nf6 5. Nf3 Bf5 6. Bc4 e6 7. 0-0 c6 8. Bd2 Nbd7 9. Re1 Bb4 10. a3 Bxc3 11. Bxc3 Qc7 12. Nh4 Bg6 13. Qe2 0-0-0 14. b4 Rhe8 15. Rab1 Nb6 16. Bb3 Nbd5 17. Bb2 Qf4 18. g3 Qg4 19. Nxg6 hxg6 20. c4 Nc7 21. Qxg4 Nxg4 22. Rbd1 Nf6 23. f3 a6 24. Kg2 Rd7 25. Kf2 Rdd8 26. Ke3 Rh8 27. Rd2 Rh3 28. Ree2 Rh5 29. Rd1 Rdh8 30. Rdd2 Rd8 31. a4 Rhh8 32. a5 Rh5 33. Bd1 Rdh8 34. Rf2 Rh3 35. f4 Rd8 36. Bf3 Nce8 37. Rg2 Nd6 38. Rc2 Nf5+ 39. Kf2 Nxd4 40. Bxd4 Rxd4 41. Be2 Rh8 42. Ke3 Rhd8 43. Rc3 Rd2 44. Rb3 Ng4+ 45. Kf3 Nf6 46. Ke3 R2d7 47. h3 Rd2 48. g4 Ra2 49. Bf3 Rxg2 50. Bxg2 Rd1 51. b5 cxb5 52. cxb5 axb5 53. Rxb5 Nd5+ 54. Bxd5 exd5 55. Rb3 Kc7 56. Ra3 Kc6 57. a6 bxa6 58. Rxa6+ Kd7 59. Ra7+ Ke6 60. Ke2 Rb1 61. Ra6+ Ke7 62. Ra3 Rb2+ 63. Kd3 Ke6 64. Kd4 Rd2+ 65. Ke3 Rh2 66. Kd4 Rd2+ 67. Kc5 d4 68. Ra6+ Ke7 69. Ra4 Rd3 70. Kd5 Rxh3 71. Rxd4 Rf3 72. Ke4 Rf1 73. Ra4 Re1+ 74. Kf3 Rb1 75. Ra7+ Ke6 76. Ra6+ Ke7 77. Ra4 f6 78. Rd4 Kf7 79. Ke4 Re1+ 80. Kd5 Rg1 81. f5 gxf5 82. gxf5 Re1 83. Rf4 Re5+ 84. Kd4 Re7 85. Rg4 Re5 86. Rf4 g6 87. fxg6+ Kxg6 88. Rf1 Ra5 89. Rg1+ Kf7 90. Ke4 Ra4+ 91. Kf5 Ra5+ 92. Kf4 Ke6 93. Re1+ Re5 94. Rxe5+ fxe5+ 95. Ke4 Kf6 96. Ke3 Kf5 97. Kf3 e4+ 98. Ke3 Ke5 99. Ke2 Ke6 100. Ke3 Ke5 101. Ke2 Kd4 102. Kd2 e3+ 103. Ke2 Ke4 104. Ke1 Kd3 105. Kd1 Kc3 106. Ke2 Kd4 107. Ke1 Ke4 108. Ke2 Kf4 109. Ke1 e2 110. Kf2 e1Q+ 111. Kxe1 1/2-1/2

[Event "GER-ch Net Amateur Gr-B Vor3"]
[Site "Playchess.com INT"]
[Date "2020.04.16"]
[Round "7"]
[White "Ellert, Stefan"]
[Black "Zackrisson, Peter"]
[Result "0-1"]
[WhiteElo "1764"]
[BlackElo "1907"]
[PlyCount "54"]
[EventDate "2020.04.16"]
[EventType "swiss (blitz)"]
[EventRounds "9"]
[EventCountry "GER"]
[SourceTitle "CBM 195 Extra"]
[Source "ChessBase"]
[SourceDate "2020.05.31"]
[SourceVersion "1"]
[SourceVersionDate "2020.05.31"]
[SourceQuality "1"]

1. d4 Nf6 2. Bf4 g6 3. Nf3 Bg7 4. e3 0-0 5. Bd3 d6 6. 0-0 Nfd7 7. Nbd2 e5 8. dxe5 dxe5 9. Bg3 f5 10. Bc4+ Kh8 11. e4 f4 12. Bh4 Qe8 13. Ng5 Nb6 14. Bb3 h6 15. Nf7+ Rxf7 16. Bxf7 Qxf7 17. f3 Nc6 18. Nb3 Be6 19. Qe2 Bxb3 20. axb3 Nd4 21. Qd3 Nd7 22. Rfd1 Nc5 23. Qd2 b6 24. b4 Nce6 25. Qc3 Ne2+ 26. Kf2 Nxc3 27. b3 g5 0-1

[Event "GER-ch Net Amateur Gr-B Vor3"]
[Site "Playchess.com INT"]
[Date "2020.04.16"]
[Round "4"]
[White "Schaefer, Konstantin"]
[Black "Zackrisson, Peter"]
[Result "0-1"]
[WhiteElo "1828"]
[BlackElo "1903"]
[PlyCount "118"]
[EventDate "2020.04.16"]
[EventType "swiss (blitz)"]
[EventRounds "9"]
[EventCountry "GER"]
[SourceTitle "CBM 195 Extra"]
[Source "ChessBase"]
[SourceDate "2020.05.31"]
[SourceVersion "1"]
[SourceVersionDate "2020.05.31"]
[SourceQuality "1"]

1. e4 c5 2. Nf3 Nc6 3. d4 cxd4 4. Nxd4 Nf6 5. Nc3 e5 6. Ndb5 d6 7. Bg5 a6 8. Na3 b5 9. Nd5 Be7 10. Nxe7 Nxe7 11. Bxf6 gxf6 12. c4 b4 13. Nc2 f5 14. exf5 Bxf5 15. Nxb4 Rb8 16. a3 a5 17. Nd5 Nxd5 18. Qxd5 Rxb2 19. Bd3 Be6 20. Qc6+ Ke7 21. f4 a4 22. fxe5 Qa5+ 23. Kf1 Qxe5 24. Re1 Qf4+ 25. Qf3 Qxf3+ 26. gxf3 Rb3 27. Ke2 Rxa3 28. Ra1 Rxa1 29. Rxa1 Rb8 30. Rxa4 Rb2+ 31. Ke3 Rxh2 32. Ra7+ Kf6 33. Ra6 Ke7 34. Ra7+ Kd8 35. f4 Rh5 36. Kd4 h6 37. Ra8+ Ke7 38. Ra7+ Kd8 39. Ra8+ Kc7 40. Ra7+ Kb6 41. Ra8 Rh4 42. Ke4 Kc5 43. Ra5+ Kb4 44. Rb5+ Kc3 45. Rb6 f5+ 46. Ke3 Rh3+ 47. Ke2 Rxd3 48. c5 Bc4 49. Kf2 dxc5 50. Rxh6 Kd4 51. Rh5 Ke4 52. Rh4 Rd2+ 53. Ke1 Re2+ 54. Kd1 Bd3 55. Kc1 c4 56. Kd1 c3 57. Rh3 Re3 58. Rh4 Rf3 59. Kc1 Rf1# 0-1

[Event "GER-ch Net Amateur Gr-B Vor3"]
[Site "Playchess.com INT"]
[Date "2020.04.16"]
[Round "6"]
[White "Zackrisson, Peter"]
[Black "Melde, Volker"]
[Result "1-0"]
[WhiteElo "1897"]
[BlackElo "1710"]
[PlyCount "141"]
[EventDate "2020.04.16"]
[EventType "swiss (blitz)"]
[EventRounds "9"]
[EventCountry "GER"]
[SourceTitle "CBM 195 Extra"]
[Source "ChessBase"]
[SourceDate "2020.05.31"]
[SourceVersion "1"]
[SourceVersionDate "2020.05.31"]
[SourceQuality "1"]

1. e4 e5 2. Nf3 Nf6 3. Nxe5 d6 4. Nf3 Nxe4 5. Nc3 Nxc3 6. dxc3 Be7 7. Be3 Nc6 8. Qd2 Bg4 9. Be2 Qd7 10. h3 Bh5 11. 0-0-0 0-0-0 12. Kb1 Kb8 13. g4 Bg6 14. Nd4 Bf6 15. f4 Be4 16. Rhe1 Nxd4 17. cxd4 d5 18. Qb4 Be7 19. Qb3 Qc6 20. f5 Bd6 21. Rc1 Qb6 22. Qxb6 axb6 23. Bf1 Bg3 24. Red1 Bf3 25. Rd3 Be4 26. Rb3 f6 27. Ka1 Bd6 28. c4 Rhe8 29. c5 bxc5 30. dxc5 Be5 31. c6 b6 32. a4 d4 33. Bd2 Rd6 34. Bb5 Bd5 35. Ra3 Kc8 36. a5 bxa5 37. Rxa5 Kd8 38. Bb4 Bf4 39. Ra8+ Ke7 40. Re1+ Be5 41. Rxe8+ Kxe8 42. Bxd6 Kd8 43. Bxe5 d3 44. Bxd3 fxe5 45. Rxe5 Bxc6 46. Be4 Ba4 47. Ra5 Bd1 48. Ra8+ Ke7 49. b4 Be2 50. Bg2 Kf6 51. Kb1 Bd3+ 52. Kb2 Kg5 53. Ra7 Kh4 54. Rxc7 g6 55. Rxh7+ Kg3 56. Bc6 gxf5 57. gxf5 Bxf5 58. Rh6 Bc8 59. Kc3 Kf4 60. Kd4 Kg5 61. Rh8 Bf5 62. b5 Bc2 63. b6 Bf5 64. b7 Bxh3 65. Rxh3 Kg6 66. Rf3 Kg5 67. b8Q Kg4 68. Qf4+ Kh5 69. Rh3+ Kg6 70. Rg3+ Kh5 71. Be8# 1-0

[Event "GER-ch Net Amateur Gr-B Vor2"]
[Site "Playchess.com INT"]
[Date "2020.04.15"]
[Round "7"]
[White "Schneider, Birgit"]
[Black "Zackrisson, Peter"]
[Result "0-1"]
[WhiteElo "1647"]
[BlackElo "1848"]
[PlyCount "48"]
[EventDate "2020.04.15"]
[EventType "swiss (blitz)"]
[EventRounds "9"]
[EventCountry "GER"]
[SourceTitle "CBM 196 Extra"]
[Source "ChessBase"]
[SourceDate "2020.07.31"]
[SourceVersion "1"]
[SourceVersionDate "2020.07.31"]
[SourceQuality "1"]

1. e4 c5 2. c3 Nf6 3. e5 Nd5 4. d4 cxd4 5. Nf3 d6 6. exd6 e6 7. Nxd4 Bxd6 8. Bd3 Bd7 9. 0-0 Nc6 10. Nxc6 Bxc6 11. Qg4 Nf6 12. Qe2 Qc7 13. h3 h6 14. Nd2 g5 15. Ne4 Nxe4 16. Bxe4 0-0-0 17. Bxc6 Qxc6 18. Be3 f5 19. b4 f4 20. b5 Qe4 21. b6 axb6 22. Rab1 fxe3 23. fxe3 Bc5 24. Rf3 Qxb1+ 0-1

[Event "GER-ch Net Amateur Gr-B Vor2"]
[Site "Playchess.com INT"]
[Date "2020.04.15"]
[Round "2"]
[White "Zackrisson, Peter"]
[Black "Zha, Kevin"]
[Result "1-0"]
[WhiteElo "1871"]
[BlackElo "1657"]
[PlyCount "113"]
[EventDate "2020.04.15"]
[EventType "swiss (blitz)"]
[EventRounds "9"]
[EventCountry "GER"]
[SourceTitle "CBM 196 Extra"]
[Source "ChessBase"]
[SourceDate "2020.07.31"]
[SourceVersion "1"]
[SourceVersionDate "2020.07.31"]
[SourceQuality "1"]

1. e4 g6 2. d4 Bg7 3. c4 d6 4. Nc3 Nf6 5. Nf3 0-0 6. Be2 Nc6 7. d5 Nb8 8. 0-0 e5 9. Ne1 Nfd7 10. Be3 f5 11. f3 f4 12. Bf2 Na6 13. Nd3 g5 14. b4 b6 15. a4 Rf6 16. a5 Rh6 17. axb6 cxb6 18. Nb5 Nf6 19. h3 Bf8 20. Nxa7 Rxa7 21. b5 Qc7 22. bxa6 Rxa6 23. Nb4 Rxa1 24. Qxa1 Rg6 25. Rb1 h5 26. Nc6 g4 27. hxg4 hxg4 28. Qa7 Qxa7 29. Nxa7 gxf3 30. Bxf3 Bg4 31. Kf1 Bxf3 32. gxf3 Nh5 33. Rxb6 Ng3+ 34. Bxg3 Rxg3 35. Kf2 Rh3 36. Nc8 Rh2+ 37. Ke1 Rc2 38. Nxd6 Bxd6 39. Rxd6 Rxc4 40. Re6 Rc3 41. Ke2 Rc2+ 42. Kf1 Rc1+ 43. Kg2 Rc2+ 44. Kh3 Rc3 45. Kg4 Kf7 46. Rxe5 Ra3 47. Kxf4 Ra6 48. Re6 Ra1 49. Ke5 Rf1 50. f4 Rh1 51. d6 Rh4 52. f5 Rh5 53. Re7+ Kf8 54. Ke6 Rh4 55. e5 Rh6+ 56. f6 Kg8 57. d7 1-0

[Event "GER-ch Net Amateur Gr-B Vor1"]
[Site "Playchess.com INT"]
[Date "2020.04.14"]
[Round "3"]
[White "Grosse, Manfred"]
[Black "Zackrisson, Peter"]
[Result "0-1"]
[WhiteElo "1620"]
[BlackElo "1837"]
[PlyCount "110"]
[EventDate "2020.04.14"]
[EventType "swiss (blitz)"]
[EventRounds "9"]
[EventCountry "GER"]
[SourceTitle "EXT 2021"]
[Source "ChessBase"]
[SourceDate "2020.10.23"]
[SourceVersion "1"]
[SourceVersionDate "2020.10.23"]
[SourceQuality "1"]

1. d4 Nf6 2. c4 c5 3. d5 e6 4. dxe6 fxe6 5. Nc3 d5 6. e3 Nc6 7. Nf3 Be7 8. Be2 0-0 9. 0-0 d4 10. exd4 cxd4 11. Nb5 e5 12. Bg5 a6 13. Na3 e4 14. Ne1 h6 15. Bxf6 Bxf6 16. Bg4 Qb6 17. Bxc8 Raxc8 18. Qb3 Qc7 19. Rd1 Na5 20. Qa4 Be5 21. h3 Rf6 22. b3 d3 23. Nb1 Rcf8 24. Nd2 Bh2+ 25. Kh1 Rxf2 26. Rxf2 Rxf2 27. Qe8+ Kh7 28. Qxe4+ Kg8 29. Nef3 Bd6 30. Qxd3 Nc6 31. Qd5+ Kh8 32. Ne4 Rxf3 33. gxf3 Bf4 34. Qd7 Qa5 35. Qc8+ Kh7 36. Qf5+ Qxf5 37. Kg2 Ne5 38. Rd5 Qg6+ 39. Kf1 Qh5 40. Nd2 Qxh3+ 41. Ke2 Qg2+ 42. Kd1 Qg1+ 43. Kc2 Qe3 44. Rd7 Nxf3 45. Rd5 Nxd2 46. Rxd2 Qe4+ 47. Kd1 g5 48. Re2 Qd3+ 49. Ke1 h5 50. Kf1 g4 51. Ke1 g3 52. Re7+ Kg6 53. Re6+ Kf5 54. Re8 Qd2+ 55. Kf1 Qf2# 0-1